000 00531nam a2200169 a 4500
001 000039644
005 20201002033644.0
008 130712s1983 mx 000 0 spa d
020 _a9681501519
040 _aDO-SdBNP
_bspa
_cBNPHU
100 1 _aNietzsche Friedrich
_944431
245 1 3 _aEl crepúsculo de los ídolos /
_cFriedrich Nietzsche ;traducción de Pedro González Blanco.
250 _a3a. ed.
260 _aMéxico :
_bMexicanos Unidos,
_c1983.
300 _a182 p. ;
_c18 cm.
700 1 _agonzález Blanco, Pedro
_944950
999 _c39134
_d39134